000 00922nam#a22003255a#4500
001 1690
008 101215s1880####sp#f###g#e####001#0#spa#d
245 1 0 _aNovísimo Tratado Teórico Práctico de Agricultura y Zootecnia /
_cJoaquín Ribera.
_nTomo I.
250 _a1ª ed.
260 _aBarcelona :
_bJ. Romá,
_c[189-?]
300 _a791 p. :
_blams. ;
_c31 cm.
100 1 _aRibera, Joaquín.
080 _a631+59(031)
084 _aR52
653 _aEnciclopedias
653 _aAgricultura
653 _aAgricultura práctica
653 _aAgricultura económica
653 _aMeteorología agrícola
653 _aObservaciones metereológicas
653 _aServicio metereológico
653 _aClimatología
653 _aTipos de abonos
653 _aAbonos químicos
653 _aSistemas de riego
040 _aAR-ClEAG
_cAR-ClEAG
005 20241107184718.0
003 AR-ClEAG
942 _cBK
999 _c1690
_d1690
980 _62
_aEvangelina Gallicchio
_82
_gEvangelina Gallicchio